Nietzsche Pursued : Toward a Philosophy for the Future (Record no. 1726420)
[ view plain ]
| 000 -LEADER | |
|---|---|
| fixed length control field | 00341 a2200121 4500 |
| 000 - LEADER | |
| fixed length control field | nam a22 7a 4500 |
| 005 - DATE AND TIME OF LATEST TRANSACTION | |
| control field | 20260323145925.0 |
| 020 ## - INTERNATIONAL STANDARD BOOK NUMBER | |
| International Standard Book Number | 9780226834665 |
| 100 ## - MAIN ENTRY--PERSONAL NAME | |
| Personal name | Richard Schacht |
| 9 (RLIN) | 821466 |
| 245 ## - TITLE STATEMENT | |
| Title | Nietzsche Pursued : Toward a Philosophy for the Future |
| 260 ## - PUBLICATION, DISTRIBUTION, ETC. | |
| Name of publisher, distributor, etc. | The University of Chicago Press |
| Date of publication, distribution, etc. | 2024 |
| 942 ## - ADDED ENTRY ELEMENTS (KOHA) | |
| Koha item type | Textual |
| Withdrawn status | Lost status | Source of classification or shelving scheme | Damaged status | Not for loan | Home library | Current library | Date acquired | Source of acquisition | Cost, normal purchase price | Inventory number | Total Checkouts | Barcode | Date last seen | Cost, replacement price | Price effective from | Koha item type |
|---|---|---|---|---|---|---|---|---|---|---|---|---|---|---|---|---|
| Colon Classification (CC) | Ordered | South Campus Library | South Campus Library | 2026-05-15 | 4 | 3604.83 | 191 & 29/01/2026 | SC1809621 | 2026-05-15 | 4506.00 | 2026-05-15 | Textual |
